| 000 | 00603nam a22002177a 4500 | ||
|---|---|---|---|
| 005 | 20210325185435.0 | ||
| 008 | s2001 eng d | ||
| 020 | _a0851121020 | ||
| 041 | _aeng | ||
| 050 | _aR AY440 G84 2001 | ||
| 245 | 1 | 0 | _aGuinness world records 2001 |
| 260 | 3 |
_aLondon : _bGuinness World Records, _c2001 |
|
| 300 |
_a288 p. : _b ills. ; _c 30 cm. |
||
| 650 | 0 | 4 | _aWorld records -- 2001 |
| 650 | 0 | 4 | _aRecord of achievement -- 2001 |
| 650 | 0 | 4 | _aCuriosities and wonders -- 2001 |
| 850 | _aNALT | ||
| 942 | _cREF | ||
| 997 | _c000000000022971 | ||
| 998 | _aJARUWAN | ||
| 999 |
_c22971 _d22971 |
||